Anatomía de la persuasión / (Registro nro. 11378)

Detalles MARC
000 -CABECERA
campo de control de longitud fija 02108nam a22003377a 4500
001 - NÚMERO DE CONTROL
campo de control 000496
003 - IDENTIFICADOR DEL NÚMERO DE CONTROL
campo de control DO-SdBPM
005 - FECHA Y HORA DE LA ÚLTIMA TRANSACCIÓN
campo de control 20250822142113.0
007 - CAMPO FIJO DE DESCRIPCIÓN FÍSICA--INFORMACIÓN GENERAL
campo de control de longitud fija ta
008 - DATOS DE LONGITUD FIJA--INFORMACIÓN GENERAL
campo de control de longitud fija 160914b 999 mx |||| 00| 0 spa d
020 ## - NÚMERO INTERNACIONAL ESTÁNDAR DEL LIBRO
Número Internacional Estándar del Libro 9701022939
040 ## - FUENTE DE LA CATALOGACIÓN
Centro catalogador/agencia de origen DO-SdBPM
Lengua de catalogación spa
Centro/agencia transcriptor BPMSU
Normas de descripción rda
082 #4 - NÚMERO DE LA CLASIFICACIÓN DECIMAL DEWEY
Número de clasificación 658.4052
Número de documento/Ítem A897a 1999
Número de edición 22
100 1# - ENTRADA PRINCIPAL--NOMBRE DE PERSONA
Nombre de persona Aubuchon, Norbert
245 10 - MENCIÓN DE TÍTULO
Título Anatomía de la persuasión /
Mención de responsabilidad, etc. Norbert Aubuchon ; traducción Rosa María Rosas Sánchez.
264 ## - PRODUCCIÓN, PUBLICACIÓN, DISTRIBUCIÓN, FABRICACIÓN Y COPYRIGHT
Producción, publicación, distribución, fabricación y copyright México :
Nombre del de productor, editor, distribuidor, fabricante McGraw-Hill,
Fecha de producción, publicación, distribución, fabricación o copyright 1999
300 ## - DESCRIPCIÓN FÍSICA
Extensión xii, 191 páginas ;
Dimensiones 23 cm.
Otras características físicas
336 ## - TIPO DE CONTENIDO
Término de tipo de contenido texto
Código de tipo de contenido txt
Fuente rdacontent
337 ## - TIPO DE MEDIO
Nombre/término del tipo de medio sin mediación
Código del tipo de medio n
Fuente rdamedia
338 ## - TIPO DE SOPORTE
Nombre/término del tipo de soporte volumen
Código del tipo de soporte nc
Fuente rdacarrier
500 ## - NOTA GENERAL
Nota general Traducción de: The anatomy of persuasion, 1st ed., 1997.
505 0# - NOTA DE CONTENIDO CON FORMATO
Nota de contenido con formato Creatividad 20|Dos principios de la comunicación 26|El proceso de compra 33|El proceso persuasivo: parte I 40|Necesidades 48|El Proceso persuasivo: parte II 58|Control del proceso persuasivo 69|Características, funciones y beneficios 82|Establecimiento del objetivo 91|Utilización de las herramientas 98|Estudio de casos: cómo aumentar el personal durante una congelación de las contrataciones 109|Estudio de casos: cómo obtener financiamiento para el programa 116|Estudio de casos: cómo ser un científico de misiles 122|Elabore su propia propuesta 128|El contacto con situaciones reales 137|Puede descubrir los errores? 150|Cómo vender ideas a los altos directivos 164|The anatomy of persuasion (La anatomía de la persuasión) como herramienta administrativa 172|Conclusión: pensar y hablar a partir de los beneficios 177|Lista de comprobación de errores comunes 181|The anatomy of persuasion. Guía de preparación 184|The anatomy of persuasion. Guía esquemática 185|The anatomy of persuasion. Diagrama de estructura y alineamiento 186
590 ## - NOTA LOCAL (RLIN)
Nota local Inventariado, 2025/VM
650 #7 - PUNTO DE ACCESO ADICIONAL DE MATERIA--TÉRMINO DE MATERIA
Término de materia o nombre geográfico como elemento de entrada Exito
650 #7 - PUNTO DE ACCESO ADICIONAL DE MATERIA--TÉRMINO DE MATERIA
Término de materia o nombre geográfico como elemento de entrada Liderazgo
650 #7 - PUNTO DE ACCESO ADICIONAL DE MATERIA--TÉRMINO DE MATERIA
Término de materia o nombre geográfico como elemento de entrada Persuasión (Psicología)
650 #7 - PUNTO DE ACCESO ADICIONAL DE MATERIA--TÉRMINO DE MATERIA
Término de materia o nombre geográfico como elemento de entrada Técnicas de Ventas
700 1# - PUNTO DE ACCESO ADICIONAL--NOMBRE DE PERSONA
Nombre de persona Rosas Sánchez, Rosa María
Término indicativo de función/relación traductor
910 ## - DATOS DE OPCIÓN DEL USUARIO (OCLC)
Datos de opción del usuario VMateo V. Control de calidad. BPMSU
942 ## - ELEMENTOS DE PUNTO DE ACCESO ADICIONAL (KOHA)
Fuente del sistema de clasificación o colocación Dewey Decimal Classification
Tipo de ítem Koha Libros
Existencias
Estado de retiro Estado de pérdida Fuente del sistema de clasificación o colocación No para préstamo Código de colección Localización permanente Ubicación/localización actual Fecha de adquisición Fuente de adquisición Total de préstamos Signatura topográfica completa Código de barras Fecha visto por última vez Precio válido a partir de Tipo de ítem Koha
    Dewey Decimal Classification   Colección General Biblioteca Pública Metropolitana Salomé Ureña Biblioteca Pública Metropolitana Salomé Ureña 09/14/2016 Leyda Astacio   BPMSU CG 658.4052 A897a 1999 BPMSU16090287 09/14/2016 09/14/2016 Libros